ロード中...

India :an archaeological history : palaeolithic beginnings to early historic foundations / an archaeological history : palaeolithic beginnings to early historic foundations /

書誌詳細
第一著者: Chakrabarti, Dilip K.
フォーマット: Printed Book
言語:English
出版事項: New Delhi : Oxford University Press, 2009.
版:2nd ed.
主題:
LEADER 01263pam a22002297a 4500
005 20190504145121.0
008 151204b xxu||||| |||| 00| 0 eng d
999 |c 13195  |d 13195 
020 |a 9780198064121 (pbk.) 
082 0 0 |a 930.10954 CHA 
100 1 |a Chakrabarti, Dilip K. 
245 1 0 |a India :an archaeological history : palaeolithic beginnings to early historic foundations /  |b an archaeological history : palaeolithic beginnings to early historic foundations /  |c Dilip K. Chakrabarti 
250 |a 2nd ed. 
260 |a New Delhi :  |b Oxford University Press,  |c 2009. 
300 |a 394p. 
500 |a Previously published: New Delhi : Oxford University Press, 1999. 
650 0 |a Excavations (Archaeology) 
650 0 |a Archaeology 
942 |2 ddc  |c BK 
952 |0 0  |1 0  |2 ddc  |4 0  |6 930_109540000000000_CHA  |7 0  |9 18849  |a MAIN  |b MAIN  |d 2015-12-04  |e Mathrubhumi Books  |g 465.00  |l 9  |o 930.10954 CHA  |p 19095  |r 2019-04-01  |s 2019-03-27  |t 1  |w 2015-12-04  |y BK 
952 |0 0  |1 0  |2 ddc  |4 0  |6 930_109540000000000_CHA  |7 0  |9 29359  |a MAIN  |b MAIN  |d 2018-01-12  |e Modern Books  |g 465.00  |l 2  |o 930.10954 CHA  |p 29179  |r 2020-03-06  |s 2020-03-02  |t 2  |w 2018-01-12  |y BK 
952 |0 0  |1 0  |2 ddc  |4 0  |6 930_109540000000000_CHA  |7 0  |9 36503  |a MAIN  |b MAIN  |d 2019-06-27  |e Calicut Books  |g 475.00  |o 930.10954 CHA  |p 34408  |r 2019-06-27  |t 2  |w 2019-06-27  |y BK